Statistics for Mixed up multiplication table choices by me

Click here to take the quiz!

General Stats

  • This quiz has been taken 85 times
  • The average score is 8 of 10

Answer Stats

QuestionAnswer% Correct
7x3=21
100%
6x3=18
98%
11x11=121
96%
12x12144
96%
5x3=15
96%
6x8=48
85%
1.5x60 (golden Level)90
67%
0.5x31.5
59%
hard 100x101000
57%
13x12156
52%

Score Distribution

Percentile by Number Answered

Percent of People with Each Score

Your Score History

You have not taken this quiz